Biggest Countries Without an 'E' by Population - Statistics

General Stats
  • This quiz has been taken 108 times
  • The average score is 16 of 20
Answer Stats
Population Country % Correct
207 mill Brazil
99%
1,382 mill China
99%
1,314 mill India
99%
146 mill Russia
97%
60 mill Italy
91%
46 mill Spain
90%
196 mill Pakistan
88%
126 mill Japan
85%
80 mill Iran
84%
55 mill South Africa
79%
36 mill Canada
77%
49 mill Colombia
77%
68 mill Thailand
77%
37 mill Iraq
71%
38 mill Poland
71%
42 mill Sudan
62%
56 mill Tanzania
59%
34 mill Morocco
58%
54 mill Myanmar
49%
41 mill Uganda
41%
No matching quizzes found
Score Distribution
Percent of People with Each Score
Percentile by Number Answered
Your Score History
You have not taken this quiz